000 00575nam a22001811a 4500
001 2201
003 OSt
005 20260204211804.0
008 040204s2001||||dr ||||||b||||||||||spa||
050 _aRD 382 R299t
082 _aRD 382 R299t
111 _aRepública Dominicana
245 _aTratado de libre comercio: Centro America República Dominicana / Secretaría de estado de relaciones exteriores, escuela diplomática y consulta
264 _aSanto Domingo : Centenario
300 _a386 p
650 _a1.Comercio Internacional 2.Libre ComercioÌ
942 _2ddc
_cBK
999 _c2201
_d2201